| 000 | 00837nac a22003010a 4500 | ||
|---|---|---|---|
| 001 | PT43233 | ||
| 003 | AR-LpoUNG | ||
| 005 | 20210201005434.0 | ||
| 008 | 201001s2009||||sp |||||||||||||||||spa d | ||
| 020 |
_a9788496780118 _c$78 |
||
| 040 |
_aAR-LpoUNG _bspa _eaacr |
||
| 041 | _aspa | ||
| 044 | _asp | ||
| 082 | 0 | _aR300 456v3 | |
| 100 | 1 |
_aReyes, Román _edir. |
|
| 245 | 1 | 0 |
_aDiccionario crítico de ciencias sociales : _bI-O |
| 250 | _a1ra. ed. | ||
| 260 |
_aMadrid : _bPlaza y Valdés, _c2009. |
||
| 300 |
_a804 p. : _bil. _a(4 _fVolúmenes) _3Impreso |
||
| 490 | 0 | _aDiccionario crítico de ciencias sociales | |
| 650 | 4 | _aCIENCIAS SOCIALES | |
| 650 | 4 | _aDICCIONARIOS | |
| 650 | 4 | _aMATERIAL DE REFERENCIA | |
| 650 | 4 | _aTERMINOLOGIA | |
| 651 | 4 | _aDOCUMENTOS TEORICOS O METODOLOGICOS | |
| 905 | _a43233 | ||
| 942 | _cLSALA | ||
| 999 |
_c49555 _d49555 |
||